[Event "Titled Tuesday 2022.03.22 Late"]
[Site "Chess.com INT"]
[Date "2022.03.22"]
[Round "2"]
[White "Golubka, Petro"]
[Black "Dobrov, Vladimir"]
[Result "1-0"]
[WhiteElo "2401"]
[BlackElo "2478"]
[WhiteFideId "-1"]
[BlackFideId "-1"]
[PlyCount "173"]
[GameId "1763349260959744"]
[EventDate "2022.03.22"]
[EventType "swiss (blitz)"]
[EventRounds "11"]
[EventCountry "NET"]
[SourceTitle "CBM 207 Extra"]
[Source "ChessBase"]
[SourceDate "2022.05.31"]
[SourceVersion "1"]
[SourceVersionDate "2022.05.31"]
[SourceQuality "1"]

1. d4 Nf6 2. Bg5 e6 3. Nd2 h6 4. Bf4 d5 5. e3 c5 6. c3 Bd6 7. Bg3 Nc6 8. Ngf3 O-O 9. Bb5 Ne7 10. dxc5 Bxc5 11. Bd3 b6 12. Bh4 Bb7 13. Bxf6 gxf6 14. Qc2 Rc8 15. O-O-O Kg7 16. g4 Ng6 17. h4 Ne5 18. Nxe5 fxe5 19. g5 Rh8 20. gxh6+ Rxh6 21. h5 e4 22. Rhg1+ Kf8 23. Nxe4 dxe4 24. Bxe4 Qc7 25. Qa4 Bxe4 26. Qxe4 b5 27. Qg4 Ke7 28. Qg5+ Rf6 29. Rg4 Rh8 30. Rf4 Rhh6 31. Rxf6 Rxf6 32. h6 Bb6 33. h7 Qh2 34. Qxb5 Qxh7 35. Qb4+ Ke8 36. Qb5+ Kf8 37. Qb4+ Kg7 38. Rg1+ Rg6 39. Rxg6+ Qxg6 40. Kd2 Qg2 41. Ke2 Qd5 42. a4 Qh5+ 43. Kd2 Qf5 44. Ke2 Qc2+ 45. Ke1 Qc1+ 46. Ke2 Qc2+ 47. Kf1 Qd3+ 48. Ke1 Qd5 49. Ke2 Kf6 50. Qh4+ Qg5 51. Qb4 Qh5+ 52. Ke1 Qd5 53. Qh4+ Kg6 54. Ke2 Qh5+ 55. Qxh5+ Kxh5 56. b4 Kg5 57. Kd3 Kg4 58. c4 Kf3 59. c5 Bc7 60. a5 Kxf2 61. a6 f5 62. b5 e5 63. b6 Bb8 64. bxa7 Bxa7 65. c6 e4+ 66. Kc4 f4 67. c7 fxe3 68. c8=Q e2 69. Qf5+ Ke3 70. Qg5+ Kf3 71. Qh5+ Ke3 72. Qh6+ Kf3 73. Qc1 Bf2 74. Kd5 e1=Q 75. Qxe1 Bxe1 76. a7 e3 77. a8=Q e2 78. Kc4+ Ke3 79. Qe8+ Kd2 80. Qd7+ Ke3 81. Qe6+ Kd2 82. Qd5+ Ke3 83. Qd3+ Kf2 84. Qf5+ Ke3 85. Qg5+ Kf3 86. Kd3 Bg3 87. Qh5+ 1-0

[Event "Titled Tuesday 2022.03.15 Late"]
[Site "Chess.com INT"]
[Date "2022.03.15"]
[Round "6"]
[White "Golubka, Petro"]
[Black "Maghsoodloo, Parham"]
[Result "0-1"]
[WhiteElo "2401"]
[BlackElo "2701"]
[WhiteFideId "-1"]
[BlackFideId "-1"]
[PlyCount "186"]
[GameId "1760841003913216"]
[EventDate "2022.03.15"]
[EventType "swiss (blitz)"]
[EventRounds "11"]
[EventCountry "NET"]
[SourceTitle "CBM 207 Extra"]
[Source "ChessBase"]
[SourceDate "2022.05.31"]
[SourceVersion "1"]
[SourceVersionDate "2022.05.31"]
[SourceQuality "1"]

1. e4 e6 2. d4 d5 3. Bd3 dxe4 4. Bxe4 Nf6 5. Bf3 Nbd7 6. Nc3 a6 7. Nge2 Bd6 8. g4 h6 9. h4 c6 10. Be3 Nd5 11. Qd2 b5 12. Ne4 Be7 13. O-O-O Bb7 14. g5 Nxe3 15. Qxe3 Qa5 16. Kb1 O-O-O 17. Nf4 hxg5 18. hxg5 g6 19. Nd3 Qc7 20. Nec5 Nxc5 21. Nxc5 Kb8 22. a3 Bc8 23. Nd3 Bd6 24. Rh6 Bb7 25. Rdh1 Rhe8 26. Rh7 e5 27. Nc5 exd4 28. Qxd4 Bxc5 29. Qxc5 Re5 30. Qc3 Rxg5 31. Re1 Rf5 32. Re2 c5 33. Bxb7 Kxb7 34. Ka2 Qd6 35. b3 c4 36. bxc4 Rc8 37. Re4 Rxc4 38. Rxc4 Qe6 39. Rhh4 bxc4 40. Kb2 Rb5+ 41. Ka2 Rc5 42. Rd4 Rc7 43. f4 Qc6 44. Rd1 Ka7 45. Rb1 Qc5 46. Rb4 a5 47. Rb1 Rb7 48. Rd1 Ka6 49. Rd4 Rc7 50. Re4 Rc6 51. Re5 Qb6 52. Rd5 f6 53. Rd7 Rc7 54. Rd5 Rc5 55. Rd7 Rc6 56. Rd5 f5 57. Re5 Qd8 58. Re3 Qc7 59. Re5 Qb6 60. Rd5 Rc5 61. Rd7 Qb5 62. Rd6+ Rc6 63. Rd7 Rb6 64. Rd1 a4 65. Rc1 Qc5 66. Rd1 Qc6 67. Rd4 Qb5 68. Qxc4 Qxc4+ 69. Rxc4 Ka5 70. Rc5+ Rb5 71. Rc6 Rb6 72. Rc5+ Ka6 73. Rc4 Kb5 74. Rb4+ Ka5 75. Rc4 Rd6 76. Rc5+ Kb6 77. Rc4 Kb5 78. Rb4+ Ka5 79. Rc4 Rd5 80. Kb2 Kb5 81. Kc3 Rd6 82. Rb4+ Ka5 83. Kb2 Re6 84. Rc4 Kb5 85. Kc3 Re3+ 86. Kd2 Kxc4 87. Kxe3 Kc3 88. Kf3 Kxc2 89. Kg3 Kd3 90. Kh4 Ke3 91. Kg5 Ke4 92. Kxg6 Kxf4 93. Kf6 Ke4 0-1

[Event "Titled Tuesday 2022.02.22 Late"]
[Site "Chess.com INT"]
[Date "2022.02.22"]
[Round "4"]
[White "Golubka, Petro"]
[Black "Melian, Juan Sebastian"]
[Result "1-0"]
[WhiteElo "2401"]
[BlackElo "2119"]
[WhiteFideId "-1"]
[BlackFideId "-1"]
[PlyCount "99"]
[GameId "1753246173794304"]
[EventDate "2022.02.22"]
[EventType "swiss (blitz)"]
[EventRounds "11"]
[EventCountry "NET"]
[SourceTitle "CBM 207 Extra"]
[Source "ChessBase"]
[SourceDate "2022.05.31"]
[SourceVersion "1"]
[SourceVersionDate "2022.05.31"]
[SourceQuality "1"]

1. e4 c6 2. d4 d5 3. e5 Bf5 4. Nd2 e6 5. Ngf3 h6 6. c4 Nd7 7. Be2 Ne7 8. O-O g5 9. a3 Bg7 10. b4 O-O 11. Bb2 f6 12. exf6 Bxf6 13. h3 Ng6 14. g4 Be4 15. Nxe4 dxe4 16. Nd2 Nf4 17. Kh2 Qc7 18. Kh1 Nxh3 19. Nxe4 Bg7 20. Qd3 Nf4 21. Qe3 e5 22. d5 cxd5 23. cxd5 Nxd5 24. Qb3 N7b6 25. Rad1 Qf7 26. Nd6 Qe6 27. Nxb7 Kh8 28. Nc5 Qf7 29. f3 Rae8 30. Ne4 Rd8 31. a4 Na8 32. b5 Qf4 33. Rxd5 Nb6 34. Rxd8 Rxd8 35. a5 Na8 36. b6 axb6 37. a6 Rb8 38. Bc3 Qf8 39. Rd1 Qc8 40. Rd6 b5 41. Kg2 Qc7 42. Bb4 Nb6 43. Qe6 Nc4 44. Rd7 Qc8 45. Qf7 Qg8 46. Qxg8+ Kxg8 47. a7 Ra8 48. Bxc4+ bxc4 49. Bc5 Bf8 50. Nf6+ 1-0

[Event "Titled Tuesday 2022.02.01 B"]
[Site "Chess.com INT"]
[Date "2022.02.02"]
[Round "1"]
[White "Kulkarni, Rakesh"]
[Black "Golubka, Petro"]
[Result "0-1"]
[WhiteElo "2321"]
[BlackElo "2406"]
[WhiteFideId "-1"]
[BlackFideId "-1"]
[PlyCount "67"]
[GameId "1745611438338048"]
[EventDate "2022.02.02"]
[EventType "swiss (blitz)"]
[EventRounds "11"]
[EventCountry "NET"]
[SourceTitle "CBM 206 Extra"]
[Source "ChessBase"]
[SourceDate "2022.03.31"]
[SourceVersion "1"]
[SourceVersionDate "2022.03.31"]
[SourceQuality "1"]

1. e4 a6 2. d4 h6 3. Nc3 e6 4. Be3 b5 5. Qd2 Bb7 6. f3 b4 7. Nce2 d5 8. Ng3 Nf6 9. e5 Nfd7 10. Be2 c5 11. c3 Nc6 12. f4 h5 13. f5 h4 14. fxe6 hxg3 15. exd7+ Qxd7 16. Nf3 bxc3 17. bxc3 cxd4 18. Bxd4 gxh2 19. Rb1 Bc8 20. Rxh2 Rxh2 21. Nxh2 Qc7 22. Nf3 Be6 23. Ng5 Be7 24. Bh5 Nxd4 25. cxd4 Bxg5 26. Qxg5 g6 27. Bd1 Qc3+ 28. Qd2 Qg3+ 29. Kf1 Rc8 30. Ba4+ Kf8 31. Rc1 Rxc1+ 32. Qxc1 Qd3+ 33. Ke1 Qxd4 34. Bb3 0-1

[Event "Titled Tuesday 2022.02.01 B"]
[Site "Chess.com INT"]
[Date "2022.02.02"]
[Round "2"]
[White "Golubka, Petro"]
[Black "Florianovitz, Derlei Alex"]
[Result "1-0"]
[WhiteElo "2406"]
[BlackElo "2040"]
[WhiteFideId "-1"]
[BlackFideId "-1"]
[PlyCount "57"]
[GameId "1745611438841856"]
[EventDate "2022.02.02"]
[EventType "swiss (blitz)"]
[EventRounds "11"]
[EventCountry "NET"]
[SourceTitle "CBM 206 Extra"]
[Source "ChessBase"]
[SourceDate "2022.03.31"]
[SourceVersion "1"]
[SourceVersionDate "2022.03.31"]
[SourceQuality "1"]

1. a3 e5 2. h3 d5 3. b3 Bd6 4. Bb2 Nf6 5. e3 Bf5 6. d3 O-O 7. Nd2 c5 8. g4 Bg6 9. Bg2 Bc7 10. Ngf3 Nc6 11. Nh4 Re8 12. Nxg6 hxg6 13. g5 Nh5 14. h4 Qd7 15. Bf3 Rad8 16. Bxh5 gxh5 17. Qxh5 b5 18. g6 fxg6 19. Qxg6 Re6 20. Qg4 c4 21. dxc4 dxc4 22. O-O-O Qe7 23. Ne4 cxb3 24. cxb3 Rc8 25. Kb1 Na5 26. Rd7 Qxd7 27. Nf6+ Rxf6 28. Qxd7 Rff8 29. Rg1 1-0

[Event "Titled Tuesday 2022.02.01 A"]
[Site "Chess.com INT"]
[Date "2022.02.01"]
[Round "7"]
[White "Adewumi, Tanitoluwa"]
[Black "Golubka, Petro"]
[Result "0-1"]
[WhiteElo "2136"]
[BlackElo "2406"]
[WhiteFideId "-1"]
[BlackFideId "-1"]
[PlyCount "77"]
[GameId "1745611435110400"]
[EventDate "2022.02.01"]
[EventType "swiss (blitz)"]
[EventRounds "11"]
[EventCountry "NET"]
[SourceTitle "CBM 206 Extra"]
[Source "ChessBase"]
[SourceDate "2022.03.31"]
[SourceVersion "1"]
[SourceVersionDate "2022.03.31"]
[SourceQuality "1"]

1. d4 d5 2. Bf4 e6 3. e3 Nf6 4. Nf3 Bd6 5. Bd3 b6 6. c3 O-O 7. O-O Ba6 8. Bxa6 Nxa6 9. Qd3 Nb8 10. Nbd2 Nc6 11. Bxd6 cxd6 12. e4 dxe4 13. Nxe4 Nxe4 14. Qxe4 Ne7 15. Rae1 Rc8 16. h4 h6 17. g4 b5 18. a3 a5 19. Kg2 Qd7 20. Rh1 b4 21. axb4 axb4 22. h5 bxc3 23. bxc3 Rxc3 24. g5 Nf5 25. g6 d5 26. Qg4 Rxf3 27. Kxf3 fxg6 28. hxg6 Nxd4+ 29. Kg2 Nf5 30. Re5 Rf6 31. Rhe1 Rxg6 32. Qxg6 Nh4+ 33. Kg3 Nxg6 34. Rxe6 Qc7+ 35. Kf3 Kh7 36. Rg1 Qf4+ 37. Ke2 Qf5 38. Rexg6 Qxg6 39. Rxg6 0-1

[Event "Titled Tuesday 2022.02.01 A"]
[Site "Chess.com INT"]
[Date "2022.02.01"]
[Round "8"]
[White "Cramling Bellon, Anna"]
[Black "Golubka, Petro"]
[Result "0-1"]
[WhiteElo "2057"]
[BlackElo "2406"]
[WhiteFideId "-1"]
[BlackFideId "-1"]
[PlyCount "68"]
[GameId "1745611435868160"]
[EventDate "2022.02.01"]
[EventType "swiss (blitz)"]
[EventRounds "11"]
[EventCountry "NET"]
[SourceTitle "CBM 206 Extra"]
[Source "ChessBase"]
[SourceDate "2022.03.31"]
[SourceVersion "1"]
[SourceVersionDate "2022.03.31"]
[SourceQuality "1"]

1. d4 d5 2. c4 Nf6 3. cxd5 Nxd5 4. e4 Nb6 5. Nc3 e5 6. d5 Bd6 7. Nf3 O-O 8. Be2 N8d7 9. O-O Nf6 10. Bg5 h6 11. Bh4 a6 12. Rc1 Re8 13. h3 Nbd7 14. Nd2 b5 15. a3 Nf8 16. Nb3 Ng6 17. Bg3 Bd7 18. Bd3 c5 19. dxc6 Bxc6 20. Qe2 Rc8 21. Rfd1 Qb6 22. Nd5 Bxd5 23. exd5 e4 24. Rxc8 Rxc8 25. Bxd6 exd3 26. Qxd3 Qxd6 27. Nd4 Qxd5 28. Qe2 Kh7 29. g4 Rd8 30. Rd2 Kh8 31. Nf3 Qa8 32. Rc2 Nf4 33. Qe3 Nxh3+ 34. Kh2 Nxg4+ 0-1

[Event "Titled Tuesday 2022.02.01 A"]
[Site "Chess.com INT"]
[Date "2022.02.01"]
[Round "9"]
[White "Golubka, Petro"]
[Black "Politov, Pavel Y"]
[Result "1-0"]
[WhiteElo "2406"]
[BlackElo "2190"]
[WhiteFideId "-1"]
[BlackFideId "-1"]
[PlyCount "47"]
[GameId "1745611436445696"]
[EventDate "2022.02.01"]
[EventType "swiss (blitz)"]
[EventRounds "11"]
[EventCountry "NET"]
[SourceTitle "CBM 206 Extra"]
[Source "ChessBase"]
[SourceDate "2022.03.31"]
[SourceVersion "1"]
[SourceVersionDate "2022.03.31"]
[SourceQuality "1"]

1. a3 e5 2. h3 Bc5 3. d3 Nf6 4. Nc3 O-O 5. g4 d5 6. Bg2 Be6 7. g5 Ne8 8. h4 f6 9. Nh3 Bxh3 10. Rxh3 fxg5 11. Bxg5 Bxf2+ 12. Kd2 Nf6 13. Bxd5+ Kh8 14. Bxb7 c6 15. Bxa8 Qa5 16. Bxf6 Rxf6 17. Qh1 Qb6 18. Ne4 Rf8 19. b4 Bd4 20. c3 Bf2 21. Rf1 a5 22. Rxf2 Rxf2 23. Nxf2 Qxf2 24. Rf3 1-0

[Event "Titled Tuesday 2022.02.01 A"]
[Site "Chess.com INT"]
[Date "2022.02.01"]
[Round "10"]
[White "Karavaeva, Olga"]
[Black "Golubka, Petro"]
[Result "0-1"]
[WhiteElo "2260"]
[BlackElo "2406"]
[WhiteFideId "-1"]
[BlackFideId "-1"]
[PlyCount "98"]
[GameId "1745611437404160"]
[EventDate "2022.02.01"]
[EventType "swiss (blitz)"]
[EventRounds "11"]
[EventCountry "NET"]
[SourceTitle "CBM 206 Extra"]
[Source "ChessBase"]
[SourceDate "2022.03.31"]
[SourceVersion "1"]
[SourceVersionDate "2022.03.31"]
[SourceQuality "1"]

1. c4 e6 2. g3 f5 3. Bg2 Nf6 4. Nc3 Be7 5. e3 O-O 6. Nge2 c6 7. O-O d5 8. b3 Na6 9. Bb2 Nc5 10. d3 a5 11. Rc1 Bd7 12. Qd2 Rc8 13. Rfd1 Qb6 14. h3 Rfd8 15. Kh2 Be8 16. cxd5 cxd5 17. Nd4 Bh5 18. f3 Bf7 19. Qf2 Bf8 20. f4 h6 21. Nf3 Bh5 22. Ne2 Qa6 23. Bxf6 gxf6 24. Rc3 b5 25. g4 fxg4 26. hxg4 Bxg4 27. Qh4 f5 28. Rg1 b4 29. Rcc1 Qxd3 30. Ned4 Qxe3 31. Rce1 Qxf4+ 32. Kh1 Re8 33. Ne2 Qd6 34. Ng3 Be7 35. Qxh6 Bf6 36. Ng5 Bxg5 37. Qxg5+ Kf7 38. Nh5 Bxh5 39. Qxh5+ Ke7 40. Bh3 Kd7 41. Rg7+ Kc6 42. Qf7 Rh8 43. Kg2 Rcf8 44. Qa7 Rfg8 45. Re3 Rxg7+ 46. Qxg7 Qf8 47. Qa7 Rg8+ 48. Kf1 Qg7 49. Ke2 Qxa7 0-1

[Event "Titled Tuesday 2022.02.01 A"]
[Site "Chess.com INT"]
[Date "2022.02.01"]
[Round "11"]
[White "Golubka, Petro"]
[Black "Efremova, Yulia"]
[Result "0-1"]
[WhiteElo "2406"]
[BlackElo "2127"]
[WhiteFideId "-1"]
[BlackFideId "-1"]
[PlyCount "124"]
[GameId "1745611437936640"]
[EventDate "2022.02.01"]
[EventType "swiss (blitz)"]
[EventRounds "11"]
[EventCountry "NET"]
[SourceTitle "CBM 206 Extra"]
[Source "ChessBase"]
[SourceDate "2022.03.31"]
[SourceVersion "1"]
[SourceVersionDate "2022.03.31"]
[SourceQuality "1"]

1. a3 a6 2. h3 h6 3. g3 g6 4. Bg2 Bg7 5. Nc3 Nc6 6. Nf3 Nf6 7. O-O O-O 8. e4 e5 9. Re1 Re8 10. b4 b5 11. Bb2 Bb7 12. d3 d6 13. Qd2 Qd7 14. Rad1 Rad8 15. Kh2 Kh7 16. Ba1 Ba8 17. Bb2 Bb7 18. Qc1 Qc8 19. Qb1 Nd4 20. Nxd4 exd4 21. Ne2 c5 22. c3 d5 23. e5 Rxe5 24. cxd4 Rh5 25. dxc5 Qf5 26. Nf4 Rh4 27. Re5 Rxf4 28. gxf4 Qxf4+ 29. Kg1 d4 30. Bxb7 Qxe5 31. Re1 Qg5+ 32. Kh2 Qf4+ 33. Kg2 Nh5 34. Bc1 Qc7 35. Bf3 Nf4+ 36. Bxf4 Qxf4 37. Qc1 Qf6 38. Re2 h5 39. Qe1 Qg5+ 40. Kf1 Qf5 41. Kg2 Qg5+ 42. Kf1 Qf5 43. Bg2 Qxd3 44. Kg1 Qxa3 45. c6 Qc3 46. Re7 d3 47. Qxc3 Bxc3 48. c7 Rc8 49. Rxf7+ Kh6 50. Be4 d2 51. Rd7 Rxc7 52. Rd6 Rg7 53. Kf1 Bxb4 54. Rd5 Rc7 55. Kg2 Rc1 56. Bf3 Bc3 57. h4 b4 58. Rd7 b3 59. Rd6 b2 60. Be4 d1=Q 61. Rxg6+ Kh7 62. Rxa6+ Kg7 0-1

[Event "Titled Tuesday 2022.01.25"]
[Site "Chess.com INT"]
[Date "2022.01.25"]
[Round "1"]
[White "Golubka, Petro"]
[Black "Xie, Bryan"]
[Result "1-0"]
[WhiteElo "2406"]
[BlackElo "2128"]
[WhiteFideId "-1"]
[BlackFideId "-1"]
[PlyCount "57"]
[GameId "1743082370379776"]
[EventDate "2022.01.25"]
[EventType "swiss (blitz)"]
[EventRounds "11"]
[EventCountry "NET"]
[SourceTitle "CBM 206 Extra"]
[Source "ChessBase"]
[SourceDate "2022.03.31"]
[SourceVersion "1"]
[SourceVersionDate "2022.03.31"]
[SourceQuality "1"]

1. d4 Nf6 2. Nc3 e6 3. Bg5 Be7 4. h4 d5 5. e3 h6 6. Bf4 c5 7. Nf3 Nc6 8. Bb5 Bd7 9. a3 a6 10. Bxc6 Bxc6 11. Ne5 Rc8 12. g4 cxd4 13. exd4 Nd7 14. Nxd7 Bxd7 15. Qd2 Bxh4 16. O-O-O O-O 17. Kb1 Bg5 18. Bxg5 Qxg5 19. f4 Qe7 20. g5 Kh7 21. Qd3+ Kg8 22. Rdg1 Be8 23. f5 exf5 24. Nxd5 Qe6 25. Nf6+ Kh8 26. Rxh6+ gxh6 27. Qh3 Qxf6 28. gxf6 Kh7 29. Rg7+ 1-0

[Event "Titled Tuesday 2022.01.18"]
[Site "Chess.com INT"]
[Date "2022.01.18"]
[Round "3"]
[White "Golubka, Petro"]
[Black "Karabalis, Harilos"]
[Result "1-0"]
[WhiteElo "2406"]
[BlackElo "2252"]
[WhiteFideId "-1"]
[BlackFideId "-1"]
[PlyCount "45"]
[GameId "1740537672130560"]
[EventDate "2022.01.18"]
[EventType "swiss (blitz)"]
[EventRounds "11"]
[EventCountry "NET"]
[SourceTitle "CBM 206 Extra"]
[Source "ChessBase"]
[SourceDate "2022.03.31"]
[SourceVersion "1"]
[SourceVersionDate "2022.03.31"]
[SourceQuality "1"]

1. d4 Nf6 2. c4 c5 3. d5 b5 4. Nc3 bxc4 5. e3 Bb7 6. Bxc4 e6 7. Nge2 exd5 8. Nxd5 Nc6 9. O-O Be7 10. b3 O-O 11. Bb2 Nxd5 12. Bxd5 Bf6 13. Bxf6 Qxf6 14. Rc1 d6 15. Nf4 Rab8 16. h4 Qxh4 17. Bxc6 Bxc6 18. Qxd6 Rb6 19. Qxc5 Ba8 20. Nd5 Rh6 21. Qxf8+ Kxf8 22. Rc8+ Qd8 23. Rxd8# 1-0

[Event "Titled Tuesday 2022.01.18"]
[Site "Chess.com INT"]
[Date "2022.01.18"]
[Round "4"]
[White "Golubka, Petro"]
[Black "Hoffmann, Asa"]
[Result "1-0"]
[WhiteElo "2406"]
[BlackElo "2185"]
[WhiteFideId "-1"]
[BlackFideId "-1"]
[PlyCount "53"]
[GameId "1740537673666560"]
[EventDate "2022.01.18"]
[EventType "swiss (blitz)"]
[EventRounds "11"]
[EventCountry "NET"]
[SourceTitle "CBM 206 Extra"]
[Source "ChessBase"]
[SourceDate "2022.03.31"]
[SourceVersion "1"]
[SourceVersionDate "2022.03.31"]
[SourceQuality "1"]

1. d4 Nf6 2. c4 c5 3. d5 e5 4. Nc3 d6 5. b3 Be7 6. Bb2 O-O 7. e3 Ne8 8. Qc2 f5 9. O-O-O a6 10. f4 Bf6 11. fxe5 Bxe5 12. Nf3 Bf6 13. Bd3 g6 14. h4 Ng7 15. h5 Nxh5 16. Rxh5 gxh5 17. Rh1 Qe8 18. e4 f4 19. e5 dxe5 20. Ne4 Bg7 21. Nxc5 Nd7 22. Ne6 Nf6 23. Nxg7 Kxg7 24. Nxe5 Bd7 25. Rf1 Kh6 26. Qd2 Ng4 27. Rxf4 1-0

[Event "Titled Tuesday 2022.01.18"]
[Site "Chess.com INT"]
[Date "2022.01.18"]
[Round "6"]
[White "Golubka, Petro"]
[Black "Kanyamarala, Tarun"]
[Result "0-1"]
[WhiteElo "2406"]
[BlackElo "2398"]
[WhiteFideId "-1"]
[BlackFideId "-1"]
[PlyCount "128"]
[GameId "1740537676906496"]
[EventDate "2022.01.18"]
[EventType "swiss (blitz)"]
[EventRounds "11"]
[EventCountry "NET"]
[SourceTitle "CBM 206 Extra"]
[Source "ChessBase"]
[SourceDate "2022.03.31"]
[SourceVersion "1"]
[SourceVersionDate "2022.03.31"]
[SourceQuality "1"]

1. d4 Nf6 2. c4 e6 3. a3 d5 4. Nc3 a6 5. cxd5 exd5 6. Bg5 Be6 7. e3 Nbd7 8. Nge2 h6 9. Bh4 Bd6 10. Nc1 O-O 11. Be2 c5 12. dxc5 Nxc5 13. O-O Ncd7 14. Nb3 Qb6 15. Na4 Qc7 16. Rc1 Qb8 17. Kh1 Bf5 18. Nd4 Be4 19. Bg3 Bxg3 20. hxg3 Qe5 21. Kg1 Rac8 22. Qd2 h5 23. Nc3 Nc5 24. Rfd1 Rfd8 25. Qe1 Qg5 26. b4 Ne6 27. Nb3 h4 28. Nxe4 dxe4 29. Rxd8+ Rxd8 30. gxh4 Qxh4 31. f4 Qxe1+ 32. Rxe1 Nd5 33. Bg4 Ndc7 34. Bf5 Rd3 35. Nc5 Nxc5 36. bxc5 Rxa3 37. Bxe4 Rc3 38. Rb1 Rxe3 39. Bxb7 Rc3 40. c6 Ne6 41. f5 Nd4 42. Rb6 a5 43. Ra6 Nxf5 44. Rxa5 Nd6 45. Rd5 Ne4 46. Rd7 Nf6 47. Re7 Kf8 48. Re5 Ne8 49. Kf2 Nd6 50. Ke2 Ne8 51. Rd5 Rc4 52. Kd3 Rc1 53. Kd4 Rd1+ 54. Kc5 Rxd5+ 55. Kxd5 Ke7 56. Bc8 Kd8 57. Bd7 Nf6+ 58. Kd6 Nxd7 59. cxd7 f5 60. Ke6 f4 61. Kf7 g5 62. Kf6 g4 63. Kf5 f3 64. gxf3 gxf3 0-1

[Event "Titled Tuesday 2022.01.18"]
[Site "Chess.com INT"]
[Date "2022.01.18"]
[Round "7"]
[White "Golubka, Petro"]
[Black "Pinero Rodriguez, Carlos Jose"]
[Result "1-0"]
[WhiteElo "2406"]
[BlackElo "2246"]
[WhiteFideId "-1"]
[BlackFideId "-1"]
[PlyCount "69"]
[GameId "1740537677193216"]
[EventDate "2022.01.18"]
[EventType "swiss (blitz)"]
[EventRounds "11"]
[EventCountry "NET"]
[SourceTitle "CBM 206 Extra"]
[Source "ChessBase"]
[SourceDate "2022.03.31"]
[SourceVersion "1"]
[SourceVersionDate "2022.03.31"]
[SourceQuality "1"]

1. d4 c5 2. e3 e6 3. c4 b6 4. d5 Nf6 5. Nc3 exd5 6. cxd5 d6 7. a4 Be7 8. Bd3 O-O 9. Nge2 Bg4 10. f3 Bh5 11. O-O Bg6 12. e4 Nbd7 13. g4 Ne5 14. Bc2 h5 15. g5 Nh7 16. f4 Nd7 17. h4 f5 18. Ng3 fxe4 19. f5 Be8 20. Nxh5 Bxg5 21. hxg5 Nxg5 22. Qg4 Bxh5 23. Qxg5 Qxg5+ 24. Bxg5 Ne5 25. Bxe4 Rae8 26. Kg2 Nc4 27. b3 Na5 28. Rab1 a6 29. Bd3 b5 30. axb5 axb5 31. Bxb5 Re5 32. Bd7 Bg4 33. Be6+ Rxe6 34. fxe6 Rxf1 35. Rxf1 1-0

[Event "Tatrzanski op"]
[Site "Poronin POL"]
[Date "2022.01.06"]
[Round "1.1"]
[White "Golubka, Petro"]
[Black "Mroz, Lena"]
[Result "1-0"]
[WhiteElo "2406"]
[BlackElo "1800"]
[WhiteFideId "-1"]
[BlackFideId "-1"]
[PlyCount "93"]
[GameId "2130307579612366"]
[EventDate "2022.01.06"]
[EventType "swiss"]
[EventRounds "9"]
[EventCountry "POL"]
[SourceTitle "10 Days #675"]
[Source "ChessMix"]
[SourceDate "2022.01.20"]
[SourceVersion "1"]
[SourceVersionDate "2022.01.20"]
[SourceQuality "1"]

1. e4 c5 2. b3 Nc6 3. Bb2 e6 4. f4 d5 5. Bb5 Bd7 6. exd5 exd5 7. Qe2+ Qe7 8. Qxe7+ Ngxe7 9. Nf3 d4 10. c3 dxc3 11. Nxc3 f6 12. O-O-O O-O-O 13. h3 Nf5 14. Kb1 Kb8 15. Ne4 Ncd4 16. Bxd7 Rxd7 17. Nxd4 Nxd4 18. Rhe1 Be7 19. g3 f5 20. Nf2 Bf6 21. Nd3 b6 22. Ne5 Rd5 23. Bxd4 cxd4 24. Nd3 Kb7 25. Re6 Rc8 26. g4 h6 27. Rg1 fxg4 28. hxg4 Rc7 29. Rge1 Rdd7 30. a4 Re7 31. Nb4 Rxe6 32. Rxe6 Rc5 33. Nd3 Rc6 34. Re4 Kb8 35. Ne1 Rc5 36. Nf3 Rd5 37. b4 Kb7 38. Kc2 a6 39. Kd3 Kc6 40. Re6+ Kb7 41. Ke4 Rd7 42. b5 d3 43. Ne5 Bxe5 44. fxe5 axb5 45. axb5 Kc7 46. Rc6+ Kb7 47. e6 1-0

[Event "Tatrzanski op"]
[Site "Poronin POL"]
[Date "2022.01.06"]
[Round "2.1"]
[White "Mirski, Michal"]
[Black "Golubka, Petro"]
[Result "0-1"]
[WhiteElo "2039"]
[BlackElo "2406"]
[WhiteFideId "-1"]
[BlackFideId "-1"]
[PlyCount "146"]
[GameId "2130307579612376"]
[EventDate "2022.01.06"]
[EventType "swiss"]
[EventRounds "9"]
[EventCountry "POL"]
[SourceTitle "10 Days #675"]
[Source "ChessMix"]
[SourceDate "2022.01.20"]
[SourceVersion "1"]
[SourceVersionDate "2022.01.20"]
[SourceQuality "1"]

1. e4 g6 2. d4 Bg7 3. Nc3 a6 4. a4 e6 5. f4 d5 6. Nf3 c5 7. e5 cxd4 8. Nxd4 Nc6 9. Be3 Nge7 10. Qd2 Bd7 11. Nb3 Na5 12. Nc5 Nf5 13. Bf2 Bc6 14. b3 O-O 15. h4 d4 16. Ne2 b6 17. Nd3 b5 18. Nb4 bxa4 19. Nxc6 Nxc6 20. Rxa4 a5 21. Nxd4 Ncxd4 22. Bxd4 Nxd4 23. Rxd4 Qb6 24. Rh3 Rfc8 25. Rc3 Bf8 26. Rxc8 Rxc8 27. Bc4 a4 28. bxa4 Bc5 29. a5 Qb1+ 30. Qd1 Qb4+ 31. Qd2 Qxd2+ 32. Rxd2 Bb4 33. Bd3 Bxa5 34. Ke2 Bxd2 35. Kxd2 f6 36. exf6 Kf7 37. g4 Kxf6 38. Ke3 e5 39. f5 g5 40. h5 h6 41. Ke4 Rc3 42. Kd5 Ra3 43. Ke4 Ra1 44. Ke3 Re1+ 45. Kf2 Ra1 46. Be4 Ra4 47. Ke3 Ke7 48. Kf3 Kd6 49. Ke3 Ra3+ 50. Bd3 Kd5 51. c4+ Kd6 52. Ke4 Rc3 53. Be2 Rc1 54. Bd3 Re1+ 55. Kf3 Kc5 56. f6 Kd6 57. Bf5 Rc1 58. f7 Ke7 59. Ke4 Rxc4+ 60. Kxe5 Rc6 61. Bg6 Rf6 62. Bf5 Rxf7 63. Kd5 Rf8 64. Ke5 Ra8 65. Be4 Ra5+ 66. Bd5 Rb5 67. Ke4 Kf6 68. Bc6 Rb4+ 69. Kf3 Rf4+ 70. Kg3 Ke5 71. Bb7 Rb4 72. Bc6 Rb3+ 73. Bf3 Ra3 0-1

[Event "Tatrzanski op"]
[Site "Poronin POL"]
[Date "2022.01.08"]
[Round "4.2"]
[White "Reichel, Lukasz"]
[Black "Golubka, Petro"]
[Result "0-1"]
[WhiteElo "1756"]
[BlackElo "2406"]
[WhiteFideId "-1"]
[BlackFideId "-1"]
[PlyCount "84"]
[GameId "2130307579616495"]
[EventDate "2022.01.06"]
[EventType "swiss"]
[EventRounds "9"]
[EventCountry "POL"]
[SourceTitle "10 Days #675"]
[Source "ChessMix"]
[SourceDate "2022.01.20"]
[SourceVersion "1"]
[SourceVersionDate "2022.01.20"]
[SourceQuality "1"]

1. Nf3 f5 2. g3 Nf6 3. Bg2 e6 4. c4 c5 5. O-O Nc6 6. b3 Be7 7. Bb2 O-O 8. d4 d5 9. cxd5 Nxd5 10. Nc3 Nxc3 11. Bxc3 Bf6 12. e3 Qe7 13. Ne5 Bxe5 14. dxe5 Rd8 15. Qe2 Bd7 16. Rfd1 Be8 17. Rxd8 Nxd8 18. Rd1 Bc6 19. Bxc6 Nxc6 20. Qc4 Rd8 21. Rxd8+ Nxd8 22. b4 b6 23. bxc5 Qxc5 24. Qxc5 bxc5 25. Kg2 Kf7 26. Kf3 Ke8 27. e4 Kd7 28. exf5 exf5 29. Kf4 Ke6 30. g4 g6 31. gxf5+ gxf5 32. h3 Nc6 33. Kg5 Nxe5 34. Kh6 Nf3 35. Kxh7 Ng5+ 36. Kg6 Nxh3 37. f3 Ng1 38. f4 Ne2 39. Be5 c4 40. Kg5 a6 41. Kh4 c3 42. Kh3 c2 0-1